[Event "82nd Tata Steel Qualifiers 2020"]
[Site "Wijk aan Zee"]
[Date "2020.01.22"]
[Round "6.1"]
[White "Pijpers, Arthur"]
[Black "Zwirs, Nico"]
[Result "0-1"]
[WhiteElo "2480"]
[BlackElo "2418"]
[Annotator "ChessBase"]
[PlyCount "84"]
[EventDate "2020.01.18"]
[EventCountry "NED"]
[SourceTitle "playchess.com"]
[Source "ChessBase"]
[SourceQuality "1"]
[TimeControl "40/6000+30:20/3000+30:900+30"]

1. e4 {[%emt 0:00:00]} c5 {[%emt 0:00:00]} 2. Nc3 {[%emt 0:00:00]} d6 {[%emt 0:00:00]} 3. Nge2 {[%emt 0:00:40]} Nf6 {[%emt 0:00:54]} 4. g3 {[%emt 0:00:12]} e5 {[%emt 0:04:10]} 5. Bg2 {[%emt 0:01:39]} Nc6 {[%emt 0:03:45]} 6. O-O {[%emt 0:03:47]} Be7 {[%emt 0:05:52]} 7. d3 {[%emt 0:02:23]} O-O {[%emt 0:02:24]} 8. f4 {[%emt 0:01:52]} Rb8 {[%emt 0:09:17]} 9. a4 {[%emt 0:21:35]} a6 {[%emt 0:02:30]} 10. f5 {[%emt 0:11:26]} b5 {[%emt 0:06:18]} 11. axb5 {[%emt 0:00:07]} axb5 {[%emt 0:00:05]} 12. Bg5 {[%emt 0:01:32]} Ng4 {[%emt 0:06:21]} 13. Bd2 {[%emt 0:00:07]} Nf6 {[%emt 0:13:17]} 14. g4 {[%emt 0:10:10]} Nxg4 {[%emt 0:09:47]} 15. Ng3 {[%emt 0:00:16]} Nf6 {[%emt 0:00:42]} 16. Nd5 {[%emt 0:01:07]} Nxd5 {[%emt 0:12:59]} 17. exd5 {[%emt 0:00:05]} Nb4 {[%emt 0:00:07]} 18. Nh5 {[%emt 0:01:52]} f6 {[%emt 0:00:35]} 19. Be4 {[%emt 0:08:51]} Rf7 {[%emt 0:00:54]} 20. Kh1 {[%emt 0:02:36]} Bf8 {[%emt 0:04:31]} 21. c3 {[%emt 0:07:21]} Na6 {[%emt 0:00:10]} 22. Rf3 {[%emt 0:03:32]} c4 {[%emt 0:02:28]} 23. d4 {[%emt 0:04:46]} Nc7 {[%emt 0:06:30]} 24. Rh3 {[%emt 0:02:17]} Ra8 {[%emt 0:05:40]} 25. Rb1 {[%emt 0:00:05]} Bb7 {[%emt 0:01:28]} 26. Qf3 {[%emt 0:01:01]} Ra7 {[%emt 0:03:36]} 27. Rg1 {[%emt 0:13:22]} Qa8 {[%emt 0:00:08]} 28. Nf4 {[%emt 0:01:57]} exf4 {[%emt 0:03:34]} 29. Qh5 {[%emt 0:00:04]} Rd7 {[%emt 0:00:46]} 30. Qxh7+ {[%emt 0:00:59]} Kf7 {[%emt 0:00:00]} 31. Qg6+ {[%emt 0:00:22]} Ke7 {[%emt 0:00:09]} 32. Re1 {[%emt 0:00:15]} Ra1 {[%emt 0:02:15]} 33. Bb1+ {[%emt 0:00:29]} Kd8 {[%emt 0:00:04]} 34. Rh8 {[%emt 0:00:08]} Bxd5+ {[%emt 0:00:09]} 35. Kg1 {[%emt 0:00:04]} Rf7 {[%emt 0:00:13]} 36. Bxf4 {[%emt 0:00:46]} Kd7 {[%emt 0:01:22]} 37. Qg3 {[%emt 0:05:54]} Qc6 {[%emt 0:00:19]} 38. Bc2 {[%emt 0:01:59]} Rxe1+ {[%emt 0:00:38]} 39. Qxe1 {[%emt 0:00:01]} Re7 {[%emt 0:01:19]} 40. Qg3 {[%emt 0:00:37]} Re2 {[%emt 0:03:03]} 41. Kf1 {[%emt 0:51:11]} Re8 {[%emt 0:17:35]} 42. Bd1 {[%emt 0:00:00]} Qa6 {[%emt 0:01:53]} 0-1

[Event "82nd Tata Steel Qualifiers 2020"]
[Site "Wijk aan Zee"]
[Date "2020.01.22"]
[Round "6.2"]
[White "Beukema, Stefan"]
[Black "Beerdsen, Thomas"]
[Result "0-1"]
[WhiteElo "2389"]
[BlackElo "2495"]
[Annotator "TA"]
[PlyCount "48"]
[EventDate "2020.01.18"]
[EventCountry "NED"]
[SourceTitle "playchess.com"]
[Source "ChessBase"]
[SourceQuality "1"]

{[%evp 12,47,-33,-33,-19,-20,-14,-124,-98,-154,-157,-163,-154,-189,-187,-287,-247,-238,-260,-352,-341,-371,-329,-724,-724,-672,-691,-1300,-1248,-1268,-1268,-29996,-29997,-29997,-1533,-29998,-29999,-29999]} 1. e4 c5 2. Nf3 e6 3. d3 Nc6 4. g3 Nf6 5. Bg2 d5 6. e5 Nd7 7. Qe2 Be7 {B40: Sicilian: 2...e6, Unusual lines} 8. O-O g5 9. h3 {[#]} (9. c4 $11 {keeps the balance.}) 9... h5 $1 $17 {Black is better.} 10. g4 (10. Nc3 $142) 10... hxg4 11. hxg4 f5 $146 ({Predecessor:} 11... Nf8 12. c3 Ng6 13. d4 Nh4 14. Be3 Nxf3+ 15. Bxf3 {1-0 (57) Navara,D (2702)-Rahman,Z (2499) Caleta 2014}) 12. exf6 Nxf6 13. Nxg5 (13. Na3 $142) 13... Nd4 $19 {[%cal Rd4e2]} 14. Qd1 {[#]} Nxg4 $1 $40 {[%mdl 640] Black has strong attack.} 15. c3 (15. Qxg4 e5) 15... Bxg5 16. cxd4 Bxc1 17. Qxc1 $2 (17. Qxg4 Bxb2 {[%mdl 64] Double Attack} 18. Nd2) 17... Qc7 {[%csl Gg4,Gh8][%cal Rc7h2]} 18. f4 Qh7 {[%csl Gg4,Gh8][%cal Rh7h2]} 19. Re1 Qh2+ 20. Kf1 Qg3 {[%csl Gg4][%cal Rg3f2]} 21. Re2 Nh2+ 22. Kg1 Nf3+ 23. Kf1 {[#]} Rh1+ $1 {[%mdl 576] Skewer, Back Rank} 24. Bxh1 Qg1# {Accuracy: White = 44%, Black = 83%.} 0-1

[Event "82nd Tata Steel Qualifiers 2020"]
[Site "Wijk aan Zee"]
[Date "2020.01.22"]
[Round "6.3"]
[White "De Boer, Eelke"]
[Black "Vogel, Roven"]
[Result "0-1"]
[WhiteElo "2324"]
[BlackElo "2465"]
[Annotator "TA"]
[PlyCount "56"]
[EventDate "2020.01.18"]
[EventCountry "NED"]
[SourceTitle "playchess.com"]
[Source "ChessBase"]
[SourceQuality "1"]

{[%evp 20,60,22,22,27,24,30,27,21,24,19,-56,6,0,46,-22,0,0,0,0,0,0,7,-20,-20,-46,-13,-105,-106,-117,-113,-214,-187,-318,-326,-523,-538,-533,-533,-1576,-1557,-842,-1235]} 1. e4 c5 2. Nf3 d6 3. d4 cxd4 4. Nxd4 Nf6 5. Nc3 Nc6 6. Bg5 e6 7. Qd2 a6 8. O-O-O Bd7 9. f3 Nxd4 10. Qxd4 Be7 11. h4 b5 {B67: Sicilian: Richter-Rauzer: 7...a6 8 0-0-0 Bd7, lines without 9 f4 Be7} 12. Kb1 Qc7 13. Qd2 b4 {White has an edge.} 14. Ne2 a5 {[%cal Ba6a5,Ba5a4,Ba4a3][%mdl 32]} 15. Nd4 (15. g4 $11) 15... Qb7 (15... O-O $1 $15) 16. h5 {[#] With the idea h6.} a4 $146 ({Predecessor:} 16... h6 17. Be3 a4 18. g4 b3 19. cxb3 axb3 {1-0 (34) Andriasian,Z (2604)-Gupta,A (2581) chess.com INT 2019}) 17. Be3 (17. h6 $14 g6 18. Bc4) 17... e5 18. Nf5 Bxf5 $1 19. exf5 h6 20. g4 a3 21. b3 d5 22. Bg2 Rd8 $36 {[%mdl 2048] Black has some pressure.} 23. f4 {[#]} (23. Bf2 $11) 23... Ne4 $1 $17 {[%cal Re4d2]} 24. Bxe4 dxe4 25. Qf2 (25. Qc1 $17 Rxd1 26. Rxd1) 25... exf4 $19 26. Qxf4 (26. Rxd8+ $142 Bxd8 27. Qxf4) 26... O-O 27. Bd4 $2 {[#]} (27. Rhe1 Qc6 28. Qf2) 27... Bg5 {Black is clearly winning.} 28. Qf2 Rfe8 {Played: Qb7-d5} 0-1

[Event "82nd Tata Steel Qualifiers 2020"]
[Site "Wijk aan Zee"]
[Date "2020.01.22"]
[Round "6.4"]
[White "Suleymanli, Aydin"]
[Black "Akash G"]
[Result "0-1"]
[WhiteElo "2473"]
[BlackElo "2461"]
[Annotator "ChessBase"]
[PlyCount "90"]
[EventDate "2020.01.18"]
[EventCountry "NED"]
[SourceTitle "playchess.com"]
[Source "ChessBase"]
[SourceQuality "1"]
[TimeControl "40/6000+30:20/3000+30:900+30"]

1. d4 {[%emt 0:00:00]} Nf6 {[%emt 0:03:10]} 2. c4 {[%emt 0:00:00]} e6 {[%emt 0:00:06]} 3. Nc3 {[%emt 0:00:00]} Bb4 {[%emt 0:00:12]} 4. e3 {[%emt 0:00:00]} O-O {[%emt 0:00:21]} 5. Bd3 {[%emt 0:00:25]} c5 {[%emt 0:01:08]} 6. Nge2 {[%emt 0:01:20]} cxd4 {[%emt 0:06:50]} 7. exd4 {[%emt 0:00:18]} d5 {[%emt 0:00:09]} 8. c5 {[%emt 0:02:36]} b6 {[%emt 0:04:27]} 9. a3 {[%emt 0:01:19]} Bxc3+ {[%emt 0:00:06]} 10. Nxc3 {[%emt 0:00:04]} Nc6 {[%emt 0:07:37]} 11. Bb5 {[%emt 0:22:09]} Bb7 {[%emt 0:01:19]} 12. b4 {[%emt 0:01:41]} Ne4 {[%emt 0:17:45]} 13. Ne2 {[%emt 0:11:17]} bxc5 {[%emt 0:05:24]} 14. dxc5 {[%emt 0:11:26]} Qf6 {[%emt 0:08:01]} 15. Be3 {[%emt 0:00:29]} e5 {[%emt 0:06:00]} 16. Bd3 {[%emt 0:08:05]} Ne7 {[%emt 0:05:48]} 17. Bxe4 {[%emt 0:06:47]} dxe4 {[%emt 0:00:07]} 18. b5 {[%emt 0:00:09]} Bd5 {[%emt 0:03:26]} 19. Qc1 {[%emt 0:10:22]} Qe6 {[%emt 0:02:40]} 20. O-O {[%emt 0:02:38]} Bc4 {[%emt 0:03:16]} 21. Qb2 {[%emt 0:00:09]} f5 {[%emt 0:01:13]} 22. c6 {[%emt 0:04:38]} Rab8 {[%emt 0:09:49]} 23. a4 {[%emt 0:01:35]} Nxc6 {[%emt 0:00:34]} 24. Rfc1 {[%emt 0:00:28]} Na5 {[%emt 0:04:26]} 25. Bxa7 {[%emt 0:01:01]} Ra8 {[%emt 0:02:28]} 26. b6 {[%emt 0:02:53]} f4 {[%emt 0:04:54]} 27. Ra3 {[%emt 0:06:19]} e3 {[%emt 0:02:01]} 28. fxe3 {[%emt 0:00:51]} f3 {[%emt 0:01:14]} 29. gxf3 {[%emt 0:00:16]} Rxf3 {[%emt 0:00:08]} 30. Ng3 {[%emt 0:00:06]} Ba6 {[%emt 0:01:19]} 31. Qb4 {[%emt 0:05:26]} Qh3 {[%emt 0:04:18]} 32. Qd2 {[%emt 0:08:07]} Bb7 {[%emt 0:01:17]} 33. Qa2+ {[%emt 0:00:45]} Kh8 {[%emt 0:00:21]} 34. e4 {[%emt 0:00:13]} Rxa3 {[%emt 0:01:31]} 35. Qxa3 {[%emt 0:00:03]} Bxe4 {[%emt 0:00:12]} 36. Qa2 {[%emt 0:00:30]} Bb7 {[%emt 0:01:23]} 37. Qe2 {[%emt 0:01:48]} Nb3 {[%emt 0:00:53]} 38. Qf1 {[%emt 0:01:24]} Qh6 {[%emt 0:01:38]} 39. Rc7 {[%emt 0:01:18]} Nd2 {[%emt 0:00:28]} 40. Qf5 {[%emt 0:00:30]} Nf3+ {[%emt 0:01:28]} 41. Kf1 {[%emt 0:50:00]} Qxh2 {[%emt 0:18:00]} 42. Ne2 {[%emt 0:00:00]} Qh1+ {[%emt 0:05:55]} 43. Kf2 {[%emt 0:00:00]} Qe1+ {[%emt 0:00:23]} 44. Ke3 {[%emt 0:00:00]} Qd2+ {[%emt 0:00:04]} 45. Kf2 {[%emt 0:00:00]} Nd4 {[%emt 0:00:20]} 0-1

[Event "82nd Tata Steel Qualifiers 2020"]
[Site "Wijk aan Zee"]
[Date "2020.01.22"]
[Round "6.5"]
[White "Slingerland, Fred"]
[Black "Van Dael, Siem"]
[Result "1/2-1/2"]
[WhiteElo "2333"]
[BlackElo "2252"]
[Annotator "RC"]
[PlyCount "39"]
[EventDate "2020.01.18"]
[EventCountry "NED"]
[SourceTitle "playchess.com"]
[Source "ChessBase"]
[SourceQuality "1"]
[TimeControl "40/6000+30:20/3000+30:900+30"]

1. e4 {[%emt 0:00:00]} c5 {[%emt 0:00:00]} 2. Nf3 {[%emt 0:00:00]} d6 {[%emt 0:00:00]} 3. d4 {[%emt 0:00:00]} cxd4 {[%emt 0:00:00]} 4. Nxd4 {[%emt 0:00:00]} Nf6 {[%emt 0:00:00]} 5. Nc3 {[%emt 0:00:00]} g6 {[%emt 0:00:00]} 6. Be3 {[%emt 0:00:09]} Bg7 {[%emt 0:00:02]} 7. f3 {[%emt 0:00:07]} O-O {[%emt 0:00:05]} 8. Qd2 {[%emt 0:00:09]} Nc6 {[%emt 0:00:04]} 9. O-O-O {[%emt 0:00:15]} d5 {[%emt 0:00:07]} 10. Kb1 {[%emt 0:00:18]} Nxd4 {[%emt 0:00:06]} 11. e5 {[%emt 0:00:23]} Nf5 {[%emt 0:00:06]} 12. exf6 {[%emt 0:00:09]} exf6 {[%emt 0:00:06]} 13. Nxd5 {[%emt 0:03:02]} Nxe3 {[%emt 0:00:09]} 14. Qxe3 {[%emt 0:00:12]} Be6 {[%emt 0:00:07]} 15. Bc4 {[%emt 0:00:23]} f5 {[%emt 0:00:13]} 16. c3 {[%emt 0:02:52]} Re8 {[%emt 0:00:04]} 17. Qd3 {[%emt 0:09:23]} a6 {[%emt 0:06:56]} 18. Nf4 {[%emt 0:05:17]} Qxd3+ {[%emt 0:08:01]} 19. Bxd3 {[%emt 0:01:28]} Rad8 {[%emt 0:00:34]} 20. Nxe6 {[%emt 0:02:02]} 1/2-1/2

[Event "82nd Tata Steel Qualifiers 2020"]
[Site "Wijk aan Zee"]
[Date "2020.01.24"]
[Round "7.1"]
[White "Vogel, Roven"]
[Black "Beukema, Stefan"]
[Result "1-0"]
[WhiteElo "2465"]
[BlackElo "2389"]
[Annotator "TA"]
[PlyCount "31"]
[EventDate "2020.01.18"]
[EventCountry "NED"]
[SourceTitle "playchess.com"]
[Source "ChessBase"]
[SourceQuality "1"]

{[%evp 9,31,47,63,45,60,37,137,137,161,157,156,160,156,170,191,183,228,224,456,459,469,464,454,364]} 1. d4 f5 2. g3 Nf6 3. Bg2 d6 4. Nc3 c6 5. e4 e5 6. dxe5 {A81: Dutch Defence: 2 g3} dxe5 7. Qe2 $146 ({Predecessor:} 7. Qxd8+ Kxd8 8. Nf3 Bd6 9. Bg5 Kc7 10. O-O-O fxe4 11. Nd2 Bg4 12. Rde1 h6 13. Bxf6 gxf6 14. Ncxe4 {½-½ (14) Comas Fabrego,L (2516)-Pomes Marcet,J (2388) Barcelona 2000}) 7... h6 (7... fxe4 $14 8. Nxe4 Bf5) 8. Nf3 $16 {White is clearly better.} Bd6 9. Nh4 {And now Ng6 would win.} fxe4 {White should prevent ...g5.} 10. Ng6 Bg4 {[#]} 11. Qc4 $1 Rg8 12. O-O ({But not} 12. Nxe4 Bb4+ 13. Bd2 Bxd2+ 14. Kf1 Nd5 $16) 12... Kd7 13. Nxe4 Nxe4 $2 (13... Be6 14. Nxe5+ Ke7) 14. Qxe4 $18 {[%mdl 64] Double Attack. White is clearly winning.} Be6 15. Nxe5+ Kc7 16. Nxc6 {Accuracy: White = 92%, Black = 49%.} 1-0

[Event "82nd Tata Steel Qualifiers 2020"]
[Site "Wijk aan Zee"]
[Date "2020.01.24"]
[Round "7.2"]
[White "Zwirs, Nico"]
[Black "Slingerland, Fred"]
[Result "1-0"]
[WhiteElo "2418"]
[BlackElo "2333"]
[Annotator "TA"]
[PlyCount "37"]
[EventDate "2020.01.18"]
[EventCountry "NED"]
[SourceTitle "playchess.com"]
[Source "ChessBase"]
[SourceQuality "1"]

{[%evp 14,37,18,9,54,50,81,63,60,68,68,55,71,54,57,54,63,56,95,110,311,300,296,291,436,434]} 1. e4 c5 2. Nf3 d6 3. d4 cxd4 4. Nxd4 Nf6 5. Nc3 Nc6 6. f3 e5 7. Nb3 Be6 8. Nd5 h6 {B56: Classical Sicilian: Unusual Lines} (8... Be7 9. c4 O-O 10. Be3 a5 11. Qd2 a4 12. Nc1 Nd7 13. Ne2 f5 14. exf5 Bxf5 15. Nec3 Nc5 16. Be2 {½-½ (77) Dominguez Perez,L (2739)-Gareyev,T (2557) Saint Louis 2019}) 9. Be3 Nb8 10. Qd2 $146 (10. Bb5+ {is more complex.} Nbd7 11. c4 Be7 12. Qd2 O-O 13. Na5) ({Predecessor:} 10. c4 Bxd5 11. cxd5 Be7 12. Bd3 O-O 13. O-O Nbd7 14. Rc1 a6 15. Qd2 Nh5 16. g3 {1-0 (32) Nordenbaek,J (2239)-Liu,C (2171) Denmark 2019}) 10... Nxd5 {White is slightly better.} 11. exd5 Bf5 12. g4 Bg6 13. O-O-O $36 {[%mdl 2048] White is more active.} Be7 14. f4 exf4 15. Bxf4 Nd7 {[#]} 16. h4 $1 {[%mdl 512]} Ne5 $2 (16... Qc7 $16) (16... Bxh4 17. Bxd6) 17. Bxe5 $1 $18 dxe5 18. d6 Bf6 {[#]} (18... Bxd6 {was worth a try.} 19. Qxd6 Qxd6 20. Rxd6 Ke7) 19. g5 $1 {[%mdl 512] Accuracy: White = 88%, Black = 43%.} 1-0

[Event "82nd Tata Steel Qualifiers 2020"]
[Site "Wijk aan Zee"]
[Date "2020.01.24"]
[Round "7.3"]
[White "Beerdsen, Thomas"]
[Black "Pijpers, Arthur"]
[Result "1-0"]
[WhiteElo "2495"]
[BlackElo "2480"]
[Annotator "TA"]
[PlyCount "43"]
[EventDate "2020.01.18"]
[EventCountry "NED"]
[SourceTitle "playchess.com"]
[Source "ChessBase"]
[SourceQuality "1"]

{[%evp 12,43,20,21,27,19,12,19,23,18,12,14,20,11,20,22,81,74,116,107,108,114,117,114,116,122,219,221,214,215,1268,1241,1235,1208]} 1. e4 e6 2. d4 d5 3. Nc3 Nf6 4. Bg5 dxe4 5. Nxe4 Nbd7 6. Nf3 h6 7. Bxf6 Nxf6 {C13: French: Classical System: 4 Bg5 Be7, Alekhine-Chatard Attack} 8. Bd3 Nxe4 9. Bxe4 c5 {The position is equal.} 10. Qe2 Qa5+ 11. c3 cxd4 12. Nxd4 Be7 13. O-O-O $146 ({Predecessor:} 13. O-O O-O 14. Rfd1 Rb8 15. Bc2 {½-½ (67) Kokarev,D (2628)-Batchuluun,T (2499) Vladivostok 2016}) 13... Qxa2 (13... O-O $11) 14. Qb5+ $16 Bd7 15. Qxb7 Rc8 {Strongly threatening ...Rxc3+!} 16. g3 $1 $40 {[%mdl 128] aiming for Nc6. White wants a kill.} Qa1+ 17. Kc2 $1 Qa4+ 18. Kb1 $1 {Threatens to win with Nf5!} Rd8 {[#]} (18... Bd8 $16 {was worth a try.}) 19. Nxe6 $1 $18 {[%mdl 512]} fxe6 {[#]} (19... Bxe6 20. Bc6+) 20. Rd4 $1 {[%cal Rd4a4]} Qa5 $2 (20... Qb5) 21. Bg6+ Kf8 22. Rxd7 {Accuracy: White = 100%, Black = 39%.} 1-0

[Event "82nd Tata Steel Qualifiers 2020"]
[Site "Wijk aan Zee"]
[Date "2020.01.24"]
[Round "7.4"]
[White "Akash G"]
[Black "De Boer, Eelke"]
[Result "1-0"]
[WhiteElo "2461"]
[BlackElo "2324"]
[Annotator "TA"]
[PlyCount "159"]
[EventDate "2020.01.18"]
[EventCountry "NED"]
[SourceTitle "playchess.com"]
[Source "ChessBase"]
[SourceQuality "1"]

{[%evp 20,159,0,0,0,0,18,18,24,16,16,16,16,14,16,13,16,16,16,16,19,22,33,21,8,0,2,0,2,10,29,30,25,18,28,29,42,24,31,0,39,24,47,20,31,0,50,50,65,48,73,64,70,63,62,57,63,52,92,93,90,91,90,91,167,143,157,114,146,72,72,35,127,72,131,50,50,35,72,35,72,35,52,50,52,0,52,50,56,40,72,50,70,50,50,50,72,57,53,2,53,0,72,23,104,53,69,0,104,104,111,111,110,160,320,325,793,727,663,564,580,497,756,750,3791,4005,4786,4778,29938,5608,5724,5620,4606,1804,29976,29977,29976,29977,29979,29980,29978,29971]} 1. e4 c5 2. Nf3 d6 3. d4 cxd4 4. Nxd4 Nf6 5. Nc3 a6 6. a4 g6 7. Be2 Bg7 8. O-O O-O 9. Bg5 Nc6 10. Nb3 Be6 11. f4 Qb6+ {B70: Sicilian Dragon: 6 g3 and 6 Be2 (without a later Be3)} 12. Kh1 Na5 (12... Bxb3 {with more complications.} 13. cxb3 Rac8 14. Rc1 Rfe8 15. Bh4 Qd4) 13. Nxa5 Qxa5 {The position is equal.} 14. f5 gxf5 $146 ({Predecessor:} 14... Bd7 15. Bc4 Rae8 16. Bb3 Bc6 17. Qe1 Qe5 18. Bf4 Qc5 19. Rd1 {1-0 (31) Kuzmin,G (2469)-Amanov,Z (2382) Elista 2008}) 15. exf5 Bxf5 16. Bxf6 Bxf6 17. Nd5 Be4 18. Nxf6+ exf6 19. Bf3 Rfe8 20. Qxd6 {Strongly threatening Bxe4.} Qe5 21. Qb4 Rad8 22. Rae1 Rd4 23. Qb3 {c3 is the strong threat.} f5 24. Bxe4 Rxe4 25. Rxe4 Qxe4 $11 {[%mdl 4096] Endgame KQR-KQR} 26. Qg3+ Kh8 27. Qc3+ Kg8 28. h3 Re6 29. Rd1 h6 30. Rd8+ Re8 31. Rd6 Re6 32. Rd8+ Re8 33. Rd4 Qe1+ 34. Qxe1 Rxe1+ $14 {KR-KR} 35. Kh2 Re2 36. Rc4 f4 37. Rxf4 Rxc2 38. Rb4 b5 39. axb5 axb5 40. Rxb5 Kg7 41. Kg3 Rd2 (41... Kf6 $16) 42. Kf3 Kg6 43. Rb8 Kf6 44. Rb4 (44. b4 $142) 44... h5 $16 45. Rb6+ Kg7 (45... Kg5 $14) 46. Kg3 ({White should play} 46. b4) 46... f6 (46... h4+ $142 47. Kf3 (47. Kxh4 Rxg2 48. Rb7 Kf6 $16) 47... Rd3+ 48. Ke2 Rg3) 47. Rb3 (47. Rb8 $16) 47... Kg6 $14 48. Kf3 Kf5 49. Rb8 Rc2 50. Kg3 Kg5 51. Rg8+ Kh6 $1 52. Rb8 Kg5 $1 53. Rb5+ Kg6 54. Kf3 Rd2 55. Rb8 Kf5 56. Rb4 Kg6 57. Rb5 Rc2 58. g3 Rd2 59. Ke4 (59. h4 $14) 59... Rh2 (59... Re2+ $11 60. Kf3 Rc2) 60. Kf3 Rd2 61. b4 Rb2 {[#]} (61... Rc2 $1 $11) 62. Ke4 ({White should try} 62. h4 $1 $16) 62... Re2+ $1 63. Kf3 Rb2 {[#]} 64. h4 $1 Rb3+ 65. Kf4 Rb1 66. Rb8 Rf1+ $2 (66... Rb3 $16 67. b5 Rb4+ 68. Ke3 Kf5) 67. Ke4 $18 Re1+ $2 (67... Kf7 68. b5 Ke6) 68. Kd4 Rg1 69. Re8 Kf5 70. Rg8 Rb1 (70... Ke6 $142 71. Kc5 Kf7) 71. Kc5 Ke4 72. b5 {[%cal Bb4b5,Bb5b6,Bb6b7][%mdl 32]} Rb3 73. b6 Rc3+ 74. Kd6 Rb3 75. Kc7 Rc3+ 76. Kb8 Kf3 77. b7 {White mates.} Rc1 78. Rc8 Rb1 79. Rc3+ Kg4 80. Kc7 {Accuracy: White = 59%, Black = 33%.} 1-0

[Event "82nd Tata Steel Qualifiers 2020"]
[Site "Wijk aan Zee"]
[Date "2020.01.24"]
[Round "7.5"]
[White "Van Dael, Siem"]
[Black "Suleymanli, Aydin"]
[Result "0-1"]
[WhiteElo "2252"]
[BlackElo "2473"]
[Annotator "ChessBase"]
[PlyCount "100"]
[EventDate "2020.01.18"]
[EventCountry "NED"]
[SourceTitle "playchess.com"]
[Source "ChessBase"]
[SourceQuality "1"]
[TimeControl "40/6000+30:20/3000+30:900+30"]

1. e4 {[%emt 0:00:00]} e6 {[%emt 0:00:00]} 2. d4 {[%emt 0:00:00]} d5 {[%emt 0:00:00]} 3. Nc3 {[%emt 0:00:00]} Bb4 {[%emt 0:00:00]} 4. e5 {[%emt 0:00:00]} c5 {[%emt 0:00:00]} 5. a3 {[%emt 0:00:00]} Ba5 {[%emt 0:00:00]} 6. b4 {[%emt 0:02:37]} cxd4 {[%emt 0:00:05]} 7. Nb5 {[%emt 0:00:20]} Bc7 {[%emt 0:00:06]} 8. f4 {[%emt 0:00:28]} Bd7 {[%emt 0:00:07]} 9. Nxd4 {[%emt 0:03:00]} Nc6 {[%emt 0:01:20]} 10. Ngf3 {[%emt 0:00:31]} Nxd4 {[%emt 0:02:42]} 11. Nxd4 {[%emt 0:01:35]} Bb6 {[%emt 0:01:42]} 12. Be3 {[%emt 0:08:43]} Qc7 {[%emt 0:04:30]} 13. Qd2 {[%emt 0:01:39]} Nh6 {[%emt 0:31:11]} 14. Be2 {[%emt 0:12:49]} Rc8 {[%emt 0:02:27]} 15. O-O {[%emt 0:03:32]} Qc3 {[%emt 0:01:16]} 16. Qxc3 {[%emt 0:18:14]} Rxc3 {[%emt 0:00:04]} 17. Bf2 {[%emt 0:00:11]} O-O {[%emt 0:08:42]} 18. h3 {[%emt 0:04:52]} f6 {[%emt 0:05:32]} 19. Bb5 {[%emt 0:03:21]} Bxd4 {[%emt 0:05:36]} 20. Bxd4 {[%emt 0:07:42]} Bxb5 {[%emt 0:00:54]} 21. Bxc3 {[%emt 0:00:10]} Bxf1 {[%emt 0:00:34]} 22. Rxf1 {[%emt 0:01:12]} Rc8 {[%emt 0:09:54]} 23. Rf3 {[%emt 0:13:45]} fxe5 {[%emt 0:00:44]} 24. fxe5 {[%emt 0:00:07]} Rc4 {[%emt 0:02:02]} 25. Rd3 {[%emt 0:03:22]} b6 {[%emt 0:02:16]} 26. Kf2 {[%emt 0:01:22]} Nf7 {[%emt 0:00:13]} 27. Ke2 {[%emt 0:01:04]} Ng5 {[%emt 0:01:22]} 28. Kd1 {[%emt 0:00:15]} Kf7 {[%emt 0:00:56]} 29. Bd4 {[%emt 0:01:29]} Ne4 {[%emt 0:03:17]} 30. Rf3+ {[%emt 0:01:55]} Ke8 {[%emt 0:00:58]} 31. c3 {[%emt 0:00:23]} h5 {[%emt 0:09:31]} 32. g3 {[%emt 0:07:55]} Ng5 {[%emt 0:03:13]} 33. Rf4 {[%emt 0:00:10]} Ne4 {[%emt 0:00:56]} 34. Rf3 {[%emt 0:00:39]} a5 {[%emt 0:06:23]} 35. Kc2 {[%emt 0:03:46]} b5 {[%emt 0:00:17]} 36. bxa5 {[%emt 0:01:27]} Ra4 {[%emt 0:00:04]} 37. Bb6 {[%emt 0:03:42]} Rxa3 {[%emt 0:00:11]} 38. Re3 {[%emt 0:01:24]} Ra2+ {[%emt 0:02:19]} 39. Kb3 {[%emt 0:01:47]} Ra4 {[%emt 0:00:10]} 40. Rd3 {[%emt 0:00:30]} Kd7 {[%emt 0:02:19]} 41. Kb2 {[%emt 0:16:06]} Kc6 {[%emt 0:17:04]} 42. Rd4 {[%emt 0:03:52]} Nxg3 {[%emt 0:06:29]} 43. Rxa4 {[%emt 0:02:33]} bxa4 {[%emt 0:00:04]} 44. Bd8 {[%emt 0:12:24]} Kb5 {[%emt 0:00:16]} 45. Ka3 {[%emt 0:00:49]} Ne4 {[%emt 0:00:17]} 46. c4+ {[%emt 0:02:35]} dxc4 {[%emt 0:00:12]} 47. a6 {[%emt 0:00:15]} Kxa6 {[%emt 0:00:05]} 48. Kxa4 {[%emt 0:00:46]} c3 {[%emt 0:00:07]} 49. Kb3 {[%emt 0:00:05]} Kb5 {[%emt 0:00:10]} 50. Be7 {[%emt 0:00:06]} g5 {[%emt 0:00:08]} 0-1